000 00319nam a2200097Ia 4500
082 _a796.0968|SOUT
245 0 _aSouth Africa's 100 most famous sports photos
100 _a Henderson, Archie Parkland, ( South Africa), 2013 1st edition
_950694
942 _cBK
008 210817s9999 xx 000 0 und d
999 _c162905
_d162903